| 000 | 01625cam a22003014a 4500 | ||
|---|---|---|---|
| 001 | 2702 | ||
| 005 | 20240110132154.0 | ||
| 020 | _a067005920X (hardcover : alk. paper) | ||
| 020 | _a9780545003728 | ||
| 040 |
_aDLC _cDLC _dDLC _beng |
||
| 050 | 0 | 0 |
_aQ143 _b.L5 K78 2005 |
| 082 | 0 | 0 |
_a509/.2 _222 |
| 100 | 1 | _aKrull, Kathleen | |
| 245 | 1 | 0 |
_aLeonardo da Vinci / _cby Kathleen Krull ; illustrated by Boris Kulikov |
| 250 | _aFirst Scholastic printing, February 2007 | ||
| 260 |
_aNew York : _bScholastic, _c2005 |
||
| 300 |
_a124 pages : _billustrations ; _c20cm |
||
| 490 | 1 | _aGiants of science | |
| 505 | 0 | _aZ | |
| 520 | _aFor more than thirty years-half his life-he was obsessively devoted to investigating everything in the natural world. Nothing escaped his interest-how our eyes see, why the sky is blue, what forces build mountains, how light travels, where water comes from, and-most fascinating of all to Leonardo-the inner workings of the human body. Nothing stopped him. It was illegal to dissect human corpses, so he did autopsies in secret, even devising a clever way to slice through eyeballs (notoriously squishy!). Scrupulously researched and juicily anecdotal, Kathleen Krull's portrait of Leonardo will not only change children's ideas of who he was, but also what it means to be a scientist. | ||
| 521 |
_a1010 _bLexile |
||
| 521 |
_aZ _bRaz-Plus |
||
| 650 | 0 |
_aScientists _zItaly _vBiography _vJuvenile literature. |
|
| 650 | 0 |
_aScience, Renaissance _vJuvenile literature. |
|
| 700 | 1 |
_aKulikov, Boris _d1966- _eillustrator |
|
| 906 |
_a7 _bcbc _corignew _d1 _eecip _f20 _gy-gencatlg |
||
| 942 |
_2ddc _cBK _n0 |
||
| 999 |
_c2702 _d2702 |
||